El vespertillo de las parcas /

Guardado en:
Autor Principal: Carrera, Arturo
Formato: Libro
Publicado: Buenos Aires : Tusquets
Series:Marginales. Nuevos textos sagrados
Materias:
Etiquetas: Agregar Etiqueta
Sin Etiquetas, Sea el primero en etiquetar este registro!
LEADER 00620nam a22002175a 4500
001 CEM.cems011346
005 20071017175452.0
008 130507b######################000#0#####d
003 CEMS
020 |a 9509779415 
082 0 4 |a A861.4 
100 1 |a Carrera, Arturo 
245 1 0 |a El vespertillo de las parcas /  |c Arturo Carrera 
260 |a Buenos Aires :  |b Tusquets 
300 |a 172 p. 
490 0 |a Marginales. Nuevos textos sagrados 
653 |a Literatura 
653 |a Poesía argentina-siglo 20 
653 |a Poesías 
653 |a Literatura argentina 
859 |a CEMS  |b BIB. CEMS - 11 de abril  |h A861.4  |i C233  |p 22287.03  |t Ej.1